LEADER 00809oam 22002772 450 001 996287739803316 005 20190325111008.0 010 $a978-1-5095-3304-6 100 $a20180805d-------- uy 0 101 0 $aeng$cfre 105 $ay 00 y 200 14$a<> transitory museum$fEmanuele Coccia, Donatien Grau 210 1$aCambridge$aMedford$dPolity$d2018 215 $aix, 133 p.$d21 cm 454 0$a<> musée transitoire 606 0 $aConcept store$xCasi [:] 10 Corso Como $2BNCF 676 $a381.1 700 $aCOCCIA,$bEmanuele$0476092 702 $aGRAU,$bDonatien 801 0$bsalbc$aIT$gISBD 912 $a996287739803316 951 $a381.1 COC 1$b23006 G.$c381.1$d439269 959 $aBK 969 $aECO 996 $aTransitory museum$91549189 997 $aUNISA LEADER 01897nam 2200529 450 001 9910790867103321 005 20230803220445.0 010 $a0-85700-768-8 035 $a(CKB)2550000001160113 035 $a(CaPaEBR)ebrary10804626 035 $a(SSID)ssj0001040261 035 $a(PQKBManifestationID)12442746 035 $a(PQKBTitleCode)TC0001040261 035 $a(PQKBWorkID)11000888 035 $a(PQKB)11768400 035 $a(MiAaPQ)EBC1561088 035 $a(EXLCZ)992550000001160113 100 $a20130911d2014 uy 0 101 0 $aeng 135 $aurcnu|||||||| 181 $ctxt 182 $cc 183 $acr 200 10$aClinical exercises for treating traumatic stress in children and adolescents $epractical guidance and ready-to-use resources /$fDamion J. Grasso 210 1$aLondon :$cJessica Kingsley Publishers,$d2014. 215 $a1 online resource (202 p.) 300 $aBibliographic Level Mode of Issuance: Monograph 311 $a1-84905-949-7 311 $a1-306-12067-5 320 $aIncludes bibliographical references. 606 $aPsychic trauma in children$xTreatment 606 $aPsychic trauma in adolescence$xTreatment 606 $aPost-traumatic stress disorder in children$xTreatment 606 $aPost-traumatic stress disorder in adolescence$xTreatment 615 0$aPsychic trauma in children$xTreatment. 615 0$aPsychic trauma in adolescence$xTreatment. 615 0$aPost-traumatic stress disorder in children$xTreatment. 615 0$aPost-traumatic stress disorder in adolescence$xTreatment. 676 $a618.92/8521 700 $aGrasso$b Damion J$01547475 801 0$bMiAaPQ 801 1$bMiAaPQ 801 2$bMiAaPQ 906 $aBOOK 912 $a9910790867103321 996 $aClinical exercises for treating traumatic stress in children and adolescents$93803884 997 $aUNINA